[Event "GER-chT U20"]
[Site "Osnabrueck"]
[Date "2015.12.27"]
[Round "2.6"]
[White "Nahnsen, Kenneth"]
[Black "Tekin, Baran"]
[Result "1-0"]
[WhiteElo "1914"]
[BlackElo "1779"]
[PlyCount "79"]
[EventDate "2015.12.27"]
[EventType "team-swiss"]
[EventRounds "7"]
[EventCountry "GER"]
[SourceTitle "EXT 2017"]
[Source "ChessBase"]
[SourceDate "2016.10.25"]
[SourceVersion "1"]
[SourceVersionDate "2016.10.25"]
[SourceQuality "1"]
[WhiteTeam "Kiel Doppelbauer"]
[BlackTeam "Brackel"]
[WhiteTeamCountry "GER"]
[BlackTeamCountry "GER"]

1. d4 d6 2. c4 Nf6 3. Nc3 g6 4. e4 Bg7 5. Nf3 0-0 6. Be2 e5 7. 0-0 Nc6 8. d5 Ne7 9. Be3 h6 10. Ne1 Nd7 11. Rc1 f5 12. f3 a5 13. a3 f4 14. Bf2 g5 15. b4 Nf6 16. c5 axb4 17. axb4 h5 18. cxd6 cxd6 19. Nb5 Ne8 20. Na7 Bd7 21. b5 Ng6 22. b6 g4 23. fxg4 hxg4 24. Bxg4 Nf6 25. Bxd7 Qxd7 26. Rc7 Qd8 27. Qc2 Rf7 28. Nf3 Ng4 29. Rc1 Ne3 30. Bxe3 fxe3 31. Rxf7 Kxf7 32. Qc7+ Kg8 33. Qxd8+ Rxd8 34. g3 Rf8 35. Kg2 Ne7 36. Rc2 Bh6 37. Ne1 Kf7 38. Nd3 Kf6 39. Nc1 Kg6 40. Nb3 1-0

[Event "GER-chT U20"]
[Site "Osnabrueck"]
[Date "2015.12.27"]
[Round "1.6"]
[White "Tekin, Baran"]
[Black "Raulin, Kian"]
[Result "0-1"]
[WhiteElo "1779"]
[BlackElo "1628"]
[PlyCount "64"]
[EventDate "2015.12.27"]
[EventType "team-swiss"]
[EventRounds "7"]
[EventCountry "GER"]
[SourceTitle "EXT 2017"]
[Source "ChessBase"]
[SourceDate "2016.10.25"]
[SourceVersion "1"]
[SourceVersionDate "2016.10.25"]
[SourceQuality "1"]
[WhiteTeam "Brackel"]
[BlackTeam "Spandau Zitadelle"]
[WhiteTeamCountry "GER"]
[BlackTeamCountry "GER"]

1. d4 Nf6 2. Nf3 d5 3. c4 c6 4. Nc3 Bf5 5. Bg5 e6 6. cxd5 cxd5 7. e3 Be7 8. Qb3 Qd7 9. Ne5 Qc7 10. Bb5+ Nfd7 11. Bxe7 Kxe7 12. Bxd7 Nxd7 13. Qb4+ Kf6 14. Nb5 Qd8 15. Nd6 Qe7 16. Nexf7 Rhf8 17. Ng5 a5 18. Qa3 Ra6 19. Nxf5 Qxa3 20. bxa3 Kxg5 21. Nxg7 Kg6 22. Nxe6 Rxe6 23. Rb1 b6 24. Ke2 Ref6 25. f4 Re8 26. g4 Rxf4 27. h3 Rxd4 28. Rhc1 Rde4 29. Rb3 d4 30. Rc6+ Kf7 31. Rh6 Kg7 32. Rd6 R8e7 0-1

[Event "NRW Verbandsliga Group2 1314"]
[Site "Nordrheinwestfalen"]
[Date "2014.04.06"]
[Round "9"]
[White "Tekin, Baran"]
[Black "Schmidt, Ralph"]
[Result "1/2-1/2"]
[WhiteElo "1830"]
[BlackElo "1874"]
[PlyCount "88"]
[EventDate "2013.09.08"]
[EventType "team-tourn"]
[EventRounds "9"]
[EventCountry "GER"]
[SourceTitle "EXT 2020"]
[Source "ChessBase"]
[SourceDate "2019.10.17"]
[SourceVersion "1"]
[SourceVersionDate "2019.10.17"]
[SourceQuality "1"]
[WhiteTeam "Brackel SF II"]
[BlackTeam "Bochum-Linden"]
[WhiteTeamCountry "GER"]
[BlackTeamCountry "GER"]

1. d4 Nf6 2. Nf3 d6 3. c4 g6 4. Nc3 Bg7 5. e4 0-0 6. Be2 Na6 7. 0-0 c5 8. d5 Bd7 9. Nd2 e5 10. dxe6 fxe6 11. f4 Ne8 12. Nf3 Nb4 13. Be3 Nc6 14. f5 gxf5 15. exf5 Rxf5 16. Bd3 Rh5 17. g4 Bh6 18. Bxh6 Rxh6 19. Qd2 Qf6 20. g5 Qg7 21. Kh1 Rh3 22. Ne4 Ne5 23. Nxe5 Qxe5 24. Qf2 Qg7 25. Bc2 Bc6 26. Kg1 d5 27. cxd5 exd5 28. Ng3 Qd4 29. Qxd4 cxd4 30. Rf4 Ng7 31. Kg2 Bd7 32. Rxd4 Nh5 33. Bf5 Rxg3+ 34. hxg3 Bxf5 35. g4 Be4+ 36. Rxe4 dxe4 37. gxh5 Re8 38. Kg3 e3 39. Re1 e2 40. Kf3 Re5 41. g6 Rxh5 42. gxh7+ Rxh7 43. Rxe2 Kf8 44. Ke4 Ke7 1/2-1/2

[Event "NRW Verbandsliga Group2 1314"]
[Site "Nordrheinwestfalen"]
[Date "2014.03.09"]
[Round "8"]
[White "Tekin, Baran"]
[Black "Bachmann, Rolf"]
[Result "0-1"]
[WhiteElo "1830"]
[BlackElo "1830"]
[PlyCount "67"]
[EventDate "2013.09.08"]
[EventType "team-tourn"]
[EventRounds "9"]
[EventCountry "GER"]
[SourceTitle "EXT 2020"]
[Source "ChessBase"]
[SourceDate "2019.10.17"]
[SourceVersion "1"]
[SourceVersionDate "2019.10.17"]
[SourceQuality "1"]
[WhiteTeam "Brackel SF II"]
[BlackTeam "Hamm SVg"]
[WhiteTeamCountry "GER"]
[BlackTeamCountry "GER"]

1. d4 Nf6 2. Nf3 g6 3. c4 d5 4. cxd5 Nxd5 5. e4 Nb6 6. Be2 Bg7 7. 0-0 0-0 8. Be3 Bg4 9. Nc3 c6 10. Qc2 Bxf3 11. Bxf3 Nc4 12. Rad1 Nxe3 13. fxe3 e5 14. d5 Qb6 15. Rfe1 Rd8 16. Na4 Qc7 17. Qd2 Nd7 18. Bg4 Nf6 19. Bf3 cxd5 20. exd5 e4 21. Rc1 Qe5 22. Be2 Rxd5 23. Qc3 Qxc3 24. Nxc3 Rd2 25. b3 a6 26. a4 Bf8 27. Nb1 Rd7 28. Rc4 Rd5 29. Nc3 Re5 30. Rf1 Kg7 31. Rf4 Rae8 32. Bd1 Bc5 33. Kf2 g5 34. Nxe4 0-1

[Event "GER-chT U20"]
[Site "Osnabrueck"]
[Date "2013.12.29"]
[Round "5.4"]
[White "Tekin, Baran"]
[Black "Wegmann, Sven"]
[Result "1-0"]
[WhiteElo "1802"]
[BlackElo "1538"]
[PlyCount "65"]
[EventDate "2013.12.27"]
[EventType "team-swiss"]
[EventRounds "7"]
[EventCountry "GER"]
[SourceTitle "EXT 2015"]
[Source "ChessBase"]
[SourceDate "2014.11.20"]
[SourceVersion "1"]
[SourceVersionDate "2014.11.20"]
[SourceQuality "1"]
[WhiteTeam "Brackel"]
[BlackTeam "Erlangen"]
[WhiteTeamCountry "GER"]
[BlackTeamCountry "GER"]

1. d4 d5 2. Nf3 e6 3. c4 c5 4. cxd5 exd5 5. Nc3 Nf6 6. Bg5 cxd4 7. Nxd4 Bc5 8. e3 Nc6 9. Bb5 Bd7 10. 0-0 Be7 11. Bxf6 Bxf6 12. Nxd5 0-0 13. Bxc6 Bxc6 14. Nxc6 bxc6 15. Nxf6+ Qxf6 16. Qc2 Rab8 17. b3 Rfd8 18. Rac1 Rbc8 19. Qc3 Qd6 20. g3 Qa3 21. Qc2 g6 22. Rfd1 Rxd1+ 23. Rxd1 Qe7 24. Rd4 Qe6 25. Qc5 Rc7 26. Rd8+ Kg7 27. Qf8+ Kf6 28. Rd6 Re7 29. Rxe6+ Kxe6 30. Qc8+ Kd6 31. Kf1 f6 32. Ke2 a5 33. Qd8+ 1-0

[Event "GER-chT U20"]
[Site "Osnabrueck"]
[Date "2013.12.27"]
[Round "1.4"]
[White "Kaulich, Philipp Theodor"]
[Black "Tekin, Baran"]
[Result "1-0"]
[WhiteElo "2142"]
[BlackElo "1802"]
[PlyCount "48"]
[EventDate "2013.12.27"]
[EventType "team-swiss"]
[EventRounds "7"]
[EventCountry "GER"]
[SourceTitle "EXT 2015"]
[Source "ChessBase"]
[SourceDate "2014.11.20"]
[SourceVersion "1"]
[SourceVersionDate "2014.11.20"]
[SourceQuality "1"]
[WhiteTeam "Bebenhausen"]
[BlackTeam "Brackel"]
[WhiteTeamCountry "GER"]
[BlackTeamCountry "GER"]

1. e4 g6 2. d4 Bg7 3. Nc3 d6 4. Be3 a6 5. f4 b6 6. Nf3 c5 7. Bc4 Nf6 8. dxc5 bxc5 9. h3 Qb6 10. 0-0 0-0 11. Qd3 Nc6 12. Rae1 Na5 13. e5 Nxc4 14. exf6 Bxf6 15. Qxc4 Qxb2 16. Nd5 Be6 17. Rd1 Rfb8 18. Bc1 Bxd5 19. Rxd5 Qb5 20. Qe4 Qc6 21. Nd2 Rb4 22. Qf3 e6 23. Rxd6 Qxf3 24. Rxf3 Rb1 1-0

[Event "GER-chT U20"]
[Site "Osnabrueck"]
[Date "2013.12.27"]
[Round "2.4"]
[White "Tekin, Baran"]
[Black "Fornoff, Robin"]
[Result "1-0"]
[WhiteElo "1802"]
[BlackElo "1930"]
[PlyCount "61"]
[EventDate "2013.12.27"]
[EventType "team-swiss"]
[EventRounds "7"]
[EventCountry "GER"]
[SourceTitle "EXT 2015"]
[Source "ChessBase"]
[SourceDate "2014.11.20"]
[SourceVersion "1"]
[SourceVersionDate "2014.11.20"]
[SourceQuality "1"]
[WhiteTeam "Brackel"]
[BlackTeam "Gernsheim"]
[WhiteTeamCountry "GER"]
[BlackTeamCountry "GER"]

1. d4 d5 2. c4 dxc4 3. Nc3 e5 4. Nf3 exd4 5. Nxd4 a6 6. a4 c5 7. Nf3 Qxd1+ 8. Kxd1 g6 9. Nd5 Ra7 10. e4 Nd7 11. Bxc4 Bg7 12. Ng5 Ne5 13. Ba2 h6 14. Nf3 Bg4 15. Ke2 Nf6 16. Be3 Nxe4 17. h3 Bd7 18. Nb6 Bc6 19. Nxe5 Bxe5 20. Nc4 Bg7 21. a5 0-0 22. Rhd1 Bb5 23. f3 Bxb2 24. fxe4 Bxa1 25. Rxa1 Raa8 26. Bxh6 Rfd8 27. Ke3 Rd4 28. Ne5 Be8 29. Rb1 Bb5 30. Bxf7+ Kh7 31. Bg5 1-0

[Event "Ruhrgebiet VK3 1213"]
[Site "Nordrheinwestfalen"]
[Date "2012.12.02"]
[Round "4.5"]
[White "Nowicki, Heiko"]
[Black "Tekin, Baran"]
[Result "1-0"]
[WhiteElo "1925"]
[BlackElo "1708"]
[PlyCount "81"]
[EventDate "2012.09.02"]
[EventType "team-tourn"]
[EventRounds "9"]
[EventCountry "GER"]
[SourceTitle "EXT 2020"]
[Source "ChessBase"]
[SourceDate "2019.10.17"]
[SourceVersion "1"]
[SourceVersionDate "2019.10.17"]
[SourceQuality "1"]
[WhiteTeam "Unser Fritz"]
[BlackTeam "Brackel SF III"]
[WhiteTeamCountry "GER"]
[BlackTeamCountry "GER"]

1. e4 g6 2. d4 Bg7 3. Nc3 a6 4. a4 d6 5. Bc4 Nd7 6. Nf3 e6 7. Bg5 Ne7 8. Qd2 h6 9. Be3 b6 10. 0-0-0 Bb7 11. Qe2 c5 12. Bf4 cxd4 13. Nxd4 e5 14. Bxf7+ Kxf7 15. Qc4+ d5 16. Nxd5 Nxd5 17. Nc6 Bxc6 18. exd5 Bb7 19. d6+ Kf8 20. Rhe1 Bf6 21. Bg3 Rc8 22. Qg4 Kg7 23. h4 e4 24. f4 Rc5 25. Bf2 Rf5 26. h5 Rxh5 27. Re3 Nc5 28. Rg3 Qe8 29. Qxh5 Ne6 30. d7 Qf7 31. Qg4 Nxf4 32. Kb1 Nh5 33. Bxb6 Nxg3 34. Qxg3 Bd8 35. Bd4+ Kh7 36. Bxh8 Qe7 37. Bd4 Qxd7 38. Qe5 Kg8 39. Qh8+ Kf7 40. Rf1+ Ke6 41. Qe5# 1-0

[Event "Dortmund Sparkassen op-B"]
[Site "Dortmund"]
[Date "2012.07.19"]
[Round "6"]
[White "Riehl, Tim"]
[Black "Tekin, Baran"]
[Result "0-1"]
[WhiteElo "1625"]
[BlackElo "1796"]
[PlyCount "54"]
[EventDate "2012.07.14"]
[EventType "swiss"]
[EventRounds "9"]
[EventCountry "GER"]
[SourceTitle "EXT 2014"]
[Source "ChessBase"]
[SourceDate "2013.11.20"]
[SourceVersion "1"]
[SourceVersionDate "2013.11.20"]
[SourceQuality "1"]

1. c4 g6 2. Nc3 Bg7 3. g3 Nf6 4. Bg2 0-0 5. Nf3 d6 6. 0-0 Nbd7 7. d3 e5 8. a3 a5 9. Rb1 Nh5 10. e3 f5 11. Qa4 h6 12. Bd2 Nc5 13. Qc2 Kh8 14. b4 Ne6 15. Nh4 Qe8 16. bxa5 g5 17. Nf3 f4 18. Ne1 c6 19. Na4 g4 20. Nb6 Rb8 21. Qd1 f3 22. Nxf3 gxf3 23. Bxf3 Rxf3 24. Qxf3 Ng5 25. Qe2 Bh3 26. Rfe1 e4 27. f4 exf3 0-1

[Event "Dortmund Sparkassen op-B"]
[Site "Dortmund"]
[Date "2012.07.17"]
[Round "4"]
[White "Richter, Marc"]
[Black "Tekin, Baran"]
[Result "1/2-1/2"]
[WhiteElo "1392"]
[BlackElo "1796"]
[PlyCount "93"]
[EventDate "2012.07.14"]
[EventType "swiss"]
[EventRounds "9"]
[EventCountry "GER"]
[SourceTitle "EXT 2014"]
[Source "ChessBase"]
[SourceDate "2013.11.20"]
[SourceVersion "1"]
[SourceVersionDate "2013.11.20"]
[SourceQuality "1"]

1. d4 g6 2. Nf3 Bg7 3. c4 d6 4. e3 Nf6 5. Bd3 0-0 6. Nc3 Nbd7 7. 0-0 e6 8. b3 c5 9. Rb1 b6 10. Nb5 Nb8 11. Bb2 a6 12. Nc3 Bb7 13. Re1 Qc7 14. e4 Nbd7 15. d5 exd5 16. exd5 Ng4 17. h3 Nge5 18. Ne4 Rae8 19. Nxe5 Nxe5 20. Bc2 Qd8 21. f4 Nd7 22. Nxd6 Rxe1+ 23. Qxe1 Bxb2 24. Nxb7 Bd4+ 25. Kh1 Qc7 26. Nxc5 Nxc5 27. g3 Qd7 28. Kg2 Re8 29. Qd2 Bf6 30. Re1 Rxe1 31. Qxe1 Qe7 32. Qxe7 Bxe7 33. Kf3 a5 34. Ke3 Nd7 35. Ke4 f5+ 36. Kf3 Kf7 37. g4 fxg4+ 38. hxg4 h5 39. gxh5 gxh5 40. Bf5 Nf8 41. Ke4 Kf6 42. Bh3 Bd6 43. Bc8 Ng6 44. f5 Nf4 45. a3 Ne2 46. Kd3 h4 47. Kxe2 1/2-1/2

[Event "Dortmund Sparkassen op-B"]
[Site "Dortmund"]
[Date "2011.07.24"]
[Round "2"]
[White "Tekin, Baran"]
[Black "Eigemann, Julian"]
[Result "0-1"]
[WhiteElo "1647"]
[BlackElo "1869"]
[PlyCount "114"]
[EventDate "2011.07.23"]
[EventType "swiss"]
[EventRounds "9"]
[EventCountry "GER"]
[SourceTitle "EXT 2013"]
[Source "ChessBase"]
[SourceDate "2012.11.22"]
[SourceVersion "1"]
[SourceVersionDate "2012.11.22"]
[SourceQuality "1"]

1. d4 Nf6 2. Nf3 g6 3. c4 Bg7 4. Nc3 0-0 5. e4 d6 6. Be2 e5 7. 0-0 Nc6 8. d5 Ne7 9. Ne1 Nd7 10. Be3 f5 11. f3 f4 12. Bf2 g5 13. Rc1 Nf6 14. c5 a6 15. cxd6 cxd6 16. Na4 Bd7 17. Nb6 Rb8 18. Qb3 g4 19. Nxd7 Qxd7 20. Nd3 gxf3 21. Bxf3 Ng6 22. Rc3 Ng4 23. Rfc1 Rbc8 24. Qc2 Rxc3 25. Qxc3 Nf6 26. Qc7 Qxc7 27. Rxc7 Rf7 28. Rc4 h5 29. h3 Rd7 30. Nc1 Bf8 31. Ne2 Be7 32. Rc8+ Kf7 33. g3 Bd8 34. gxf4 exf4 35. Nd4 Ne5 36. Kg2 Nxf3 37. Kxf3 Bb6 38. Rc2 Kg6 39. Ne6 Bxf2 40. Nf8+ Kf7 41. Nxd7 Nxd7 42. Kxf2 Kf6 43. b4 Ne5 44. a3 Nd3+ 45. Ke2 Ne5 46. Rc7 Kg5 47. Rxb7 Kh4 48. Rh7 Kg3 49. Rxh5 f3+ 50. Kf1 Nc4 51. Rg5+ Kf4 52. Rg4+ Ke3 53. Rg3 Nd2+ 54. Ke1 Nxe4 55. Rg1 f2+ 56. Kf1 Kf3 57. Rg2 Nd2# 0-1

[Event "Dortmund Sparkassen op-B"]
[Site "Dortmund"]
[Date "2011.07.23"]
[Round "1"]
[White "Tekin, Baran"]
[Black "Berezhnoy, Alex"]
[Result "1-0"]
[WhiteElo "1647"]
[BlackElo "1384"]
[PlyCount "111"]
[EventDate "2011.07.23"]
[EventType "swiss"]
[EventRounds "9"]
[EventCountry "GER"]
[SourceTitle "EXT 2013"]
[Source "ChessBase"]
[SourceDate "2012.11.22"]
[SourceVersion "1"]
[SourceVersionDate "2012.11.22"]
[SourceQuality "1"]

1. d4 d5 2. Nf3 e6 3. c4 c5 4. Nc3 Nf6 5. Bg5 dxc4 6. e3 Nbd7 7. Bxc4 h6 8. Bh4 Be7 9. 0-0 0-0 10. Qc2 a6 11. a4 b6 12. dxc5 Bxc5 13. Rfd1 Bb7 14. Bxf6 gxf6 15. Ne4 Qe7 16. Rxd7 Bxe4 17. Rxe7 Bxc2 18. Rd7 a5 19. Nd4 Bxd4 20. Rxd4 Rfd8 21. b3 Rxd4 22. exd4 Rd8 23. Ra2 Be4 24. Rd2 Kf8 25. f3 Bd5 26. Kf2 Ke7 27. Ke3 Kd6 28. Rc2 Rc8 29. g3 f5 30. f4 f6 31. Rc3 Rc7 32. Kd2 Rc8 33. Bxd5 Rxc3 34. Kxc3 Kxd5 35. Kd3 h5 36. h3 e5 37. dxe5 fxe5 38. fxe5 Kxe5 39. Ke3 Ke6 40. Kf4 Kf6 41. h4 Ke6 42. Kg5 Kd5 43. Kxh5 Kc5 44. Kg5 Kb4 45. h5 Kxb3 46. h6 Kxa4 47. h7 b5 48. h8Q b4 49. Qa1+ Kb5 50. Kxf5 a4 51. Ke4 a3 52. Kd4 Ka4 53. Qd1+ b3 54. Kc4 a2 55. Qxb3+ Ka5 56. Qb5# 1-0